| 000 | 01181cam a2200289 a 4500 | ||
|---|---|---|---|
| 001 | 4453944 | ||
| 005 | 20170105102903.0 | ||
| 008 | 951121s1996 enka b 001 0 eng | ||
| 010 | _a 95047193 | ||
| 020 | _a0750705191 (cased : acidfree paper) | ||
| 020 | _a0750705205 (paper : acidfree paper) | ||
| 040 |
_aDLC _cDLC _dDLC |
||
| 050 | 0 | 0 |
_aLB1707 _b.T417 1996 |
| 082 | 0 | 0 |
_a370/.71 _220 |
| 245 | 0 | 0 |
_aTeacher education in plural societies : _ban international review / _cedited by Maurice Craft. |
| 260 |
_aLondon ; _aWashington, D.C. : _bFalmer Press, _c1996. |
||
| 300 |
_aviii, 177 p. : _bill. ; _c24 cm. |
||
| 504 | _aIncludes bibliographical references and index. | ||
| 650 | 0 |
_aTeachers _xTraining of _vCross-cultural studies. |
|
| 650 | 0 |
_aMulticultural education _vCross-cultural studies. |
|
| 650 | 0 |
_aCultural pluralism _vCross-cultural studies. |
|
| 700 | 1 |
_aCraft, Maurice, _d1932- |
|
| 856 | 4 | 2 |
_3Publisher description _uhttp://www.loc.gov/catdir/enhancements/fy0652/95047193-d.html |
| 906 |
_a7 _bcbc _corignew _d1 _eocip _f19 _gy-gencatlg |
||
| 942 |
_2ddc _cBK |
||
| 999 |
_c14726 _d14726 |
||